[Event "Sparkassen-Open A"]
[Site "Heusenstamm, Martinsee"]
[Date "2023.11.25"]
[Round "4.88"]
[White "Held, Costa"]
[Black "Neininger, Sarah"]
[Result "1/2-1/2"]
[WhiteElo "1699"]
[BlackElo "1604"]
[PlyCount "52"]
[EventDate "2023.??.??"]
[WhiteTeam "SC Frankfurt-West"]
[BlackTeam "VSG 1880 Offenbach"]

1. d4 d5 2. Bf4 c5 3. e3 Nc6 4. c3 cxd4 5. exd4 f6 6. Nf3 g5 7. Bg3 h5 8. h3 Bf5 9. Bd3 Qd7 10. Bxf5 Qxf5 11. Qe2 Nh6 12. Nbd2 Nf7 13. Nb3 Bg7 14. Nc5 e5 15. dxe5 fxe5 16. Rd1 O-O-O 17. O-O h4 18. Bh2 g4 19. hxg4 Qxg4 20. Nd4 Qxe2 21. Nxe2 h3 22. gxh3 Rxh3 23. Kg2 Rh6 24. Bg3 Ne7 25. Rh1 Rdh8 26. Rxh6 Rxh6 1/2-1/2